[Event "II Festival Lunigiana B"]
[Site "Pontremoli ITA"]
[Date "1998.07.05"]
[Round "1"]
[White "Federici, Maurizio"]
[Black "Desideri, Fabio"]
[Result "0-1"]
[WhiteElo "1597"]
[BlackElo "1600"]
[PlyCount "68"]
[EventDate "1998.07.05"]

1. d4 d5 2. Nf3 e6 3. Bf4 c5 4. e3 Nc6 5. Nbd2 Qb6 6. dxc5 Qxb2 7. Nb3 Bxc5 8.
Bb5 Bb4+ 9. Kf1 a6 10. Be5 Bc3 11. Bxc6+ bxc6 12. Rb1 Bxe5 13. Rxb2 Bxb2 14.
Qb1 Bc3 15. Nfd4 Ne7 16. Nc5 O-O 17. Qb3 Ba5 18. Qa4 Bb6 19. Ndb3 Rb8 20. Ke2
e5 21. Rd1 Bf5 22. Rd2 Rfd8 23. Qh4 f6 24. g4 Bc8 25. c3 a5 26. a4 Bc7 27. f3
Ng6 28. Qe1 Re8 29. h4 e4 30. Qh1 exf3+ 31. Kf2 Ne5 32. e4 dxe4 33. Nd4 Nxg4+
34. Ke1 Bg3+ 0-1

[Event "II Festival Lunigiana B"]
[Site "Pontremoli ITA"]
[Date "1998.07.05"]
[Round "1"]
[White "Marziali, Claudio"]
[Black "Binelli, Lorenzo"]
[Result "0-1"]
[WhiteElo "1629"]
[BlackElo "1545"]
[PlyCount "50"]
[EventDate "1998.07.05"]

1. e4 c5 2. Nf3 d6 3. d4 cxd4 4. Nxd4 Nf6 5. Nc3 g6 6. Bc4 Bg7 7. f3 O-O 8. Bg5
Nc6 9. Be3 Bd7 10. Qd2 Rc8 11. O-O-O Ne5 12. Bb3 Nc4 13. Bxc4 Rxc4 14. h4 Qc7
15. g4 a6 16. h5 Rc8 17. hxg6 fxg6 18. Bh6 Nxe4 19. fxe4 Rxd4 20. Qe3 Rxd1+ 21.
Rxd1 Bxc3 22. bxc3 Qxc3 23. Qf2 Ba4 24. Qe2 Qa1+ 25. Kd2 Rxc2+ 0-1

[Event "II Festival Lunigiana B"]
[Site "Pontremoli ITA"]
[Date "1998.07.06"]
[Round "2"]
[White "Binelli, Lorenzo"]
[Black "Bertolini, Marcello"]
[Result "1-0"]
[WhiteElo "1545"]
[BlackElo "1573"]
[PlyCount "89"]
[EventDate "1998.07.05"]

1. e4 c5 2. Nf3 e6 3. d4 cxd4 4. Nxd4 a6 5. Be2 Nf6 6. Nc3 Bb4 7. Qd3 d5 8. f3
Nbd7 9. O-O Ne5 10. Qd1 Bxc3 11. bxc3 dxe4 12. f4 Ng6 13. Ba3 Ne7 14. Rb1 Qc7
15. Qe1 O-O 16. c4 Rd8 17. Nb3 Nf5 18. Qc3 Bd7 19. g4 Nh4 20. Be7 Nd5 21. Qh3
Nxe7 22. Qxh4 Ng6 23. Qg3 f5 24. h4 Bc6 25. h5 Nf8 26. c3 Rd7 27. gxf5 exf5 28.
Nd4 Rf7 29. c5 Bd5 30. c4 Qxc5 31. cxd5 Qxd4+ 32. Kh1 Qxd5 33. Rfd1 Qxa2 34.
Qe3 b5 35. Ra1 Qe6 36. Bxb5 Qh6 37. Bc4 Qxh5+ 38. Kg2 Ne6 39. Qg3 Rf6 40. Rd6
Qe8 41. Qb3 Kf7 42. Ra5 Rd8 43. Bxe6+ Rxe6 44. Rxf5+ Kg6 45. Rxe6+ 1-0

[Event "II Festival Lunigiana B"]
[Site "Pontremoli ITA"]
[Date "1998.07.06"]
[Round "2"]
[White "Colosimo, Alessandro"]
[Black "Bini, Gabriele"]
[Result "1-0"]
[WhiteElo "1642"]
[BlackElo "1633"]
[PlyCount "55"]
[EventDate "1998.07.05"]

1. c4 c5 2. Nc3 Nc6 3. Nf3 Nf6 4. g3 e6 5. d4 d5 6. cxd5 Nxd5 7. Bg2 Nxc3 8.
bxc3 cxd4 9. Nxd4 Nxd4 10. Qxd4 Qxd4 11. cxd4 Rb8 12. Bf4 Bb4+ 13. Kf1 Ra8 14.
Rb1 a5 15. Bf3 O-O 16. d5 exd5 17. Bxd5 Rd8 18. e4 Be6 19. Bxe6 fxe6 20. Ke2
Rd4 21. f3 Rad8 22. Rhd1 b6 23. Rxd4 Rxd4 24. Rb3 Kf7 25. Be3 Rd6 26. a3 Bc5
27. Bxc5 bxc5 28. Rb7+ 1-0

[Event "II Festival Lunigiana B"]
[Site "Pontremoli ITA"]
[Date "1998.07.06"]
[Round "2"]
[White "Desideri, Fabio"]
[Black "Tamburini, Lorenzo"]
[Result "1/2-1/2"]
[WhiteElo "1600"]
[BlackElo "1630"]
[PlyCount "52"]
[EventDate "1998.07.05"]

1. e4 e5 2. d4 exd4 3. c3 dxc3 4. Bc4 Nf6 5. e5 d5 6. Bb3 Qe7 7. Nf3 c6 8. Nxc3
Ne4 9. Nxe4 dxe4 10. Ng5 Be6 11. Bxe6 fxe6 12. O-O Nd7 13. Qb3 O-O-O 14. Nxe4
Qb4 15. Qxb4 Bxb4 16. a3 Be7 17. Bg5 Bxg5 18. Nxg5 Nxe5 19. Rfe1 Rd5 20. Rxe5
Rxe5 21. Nf7 Rf5 22. Nxh8 Rf8 23. Ng6 hxg6 24. Rd1 Kc7 25. f3 Rf5 26. Kf2 Rd5
1/2-1/2

[Event "II Festival Lunigiana B"]
[Site "Pontremoli ITA"]
[Date "1998.07.06"]
[Round "2"]
[White "Rotelli, Pietro"]
[Black "Tesoro, Davide"]
[Result "1-0"]
[WhiteElo "1674"]
[BlackElo "1573"]
[PlyCount "73"]
[EventDate "1998.07.05"]

1. d4 f5 2. g3 Nf6 3. Bg2 e6 4. c4 c6 5. Nf3 d5 6. c5 Be7 7. O-O O-O 8. Nc3 Ne4
9. Nxe4 fxe4 10. Ne5 Nd7 11. Nxd7 Bxd7 12. f3 exf3 13. Rxf3 e5 14. Be3 exd4 15.
Bxd4 Bf6 16. Bxf6 Rxf6 17. Qd4 Re6 18. Raf1 Re7 19. Qf2 Re8 20. Qd4 Re7 21. Rf4
Qe8 22. e4 dxe4 23. Bxe4 Rd8 24. Bxh7+ Kxh7 25. Rf8 Qh5 26. Rxd8 Re2 27. Qd3+
Bf5 28. Qxf5+ Qxf5 29. Rxf5 Rxb2 30. Rf2 Rb5 31. Rc2 Kg6 32. Rd7 Kf6 33. h4 a5
34. Kf2 a4 35. Rd4 Ke5 36. Rxa4 Kd5 37. Rg4 1-0

[Event "II Festival Lunigiana B"]
[Site "Pontremoli ITA"]
[Date "1998.07.07"]
[Round "3"]
[White "Bertolini, Marcello"]
[Black "Bini, Gabriele"]
[Result "1/2-1/2"]
[WhiteElo "1573"]
[BlackElo "1633"]
[PlyCount "46"]
[EventDate "1998.07.05"]

1. d4 d5 2. c4 c6 3. Nc3 Nf6 4. Nf3 e6 5. Bg5 Nbd7 6. e3 dxc4 7. Bxc4 b5 8. Bd3
a6 9. O-O c5 10. Be4 Ra7 11. Bc6 h6 12. Bf4 Bb7 13. Ne5 Qc8 14. Qf3 c4 15. Ne4
Bxc6 16. Nxc6 Ra8 17. Nd6+ Bxd6 18. Bxd6 Nd5 19. Ne5 N7f6 20. e4 Ne7 21. Rad1
Qd8 22. Bc5 O-O 23. Rfe1 Qc7 1/2-1/2

[Event "II Festival Lunigiana B"]
[Site "Pontremoli ITA"]
[Date "1998.07.07"]
[Round "3"]
[White "Colosimo, Alessandro"]
[Black "Binelli, Lorenzo"]
[Result "1-0"]
[WhiteElo "1642"]
[BlackElo "1545"]
[PlyCount "78"]
[EventDate "1998.07.05"]

1. c4 Nf6 2. Nc3 g6 3. g3 Bg7 4. Bg2 c5 5. Nf3 Nc6 6. O-O O-O 7. d3 a6 8. a3 d6
9. Rb1 Rb8 10. Nd2 Nd7 11. Nde4 f5 12. Ng5 Nf6 13. Nd5 Nxd5 14. Bxd5+ Kh8 15.
b3 h6 16. Nf7+ Rxf7 17. Bxf7 Kh7 18. Bd5 e6 19. Bg2 Qc7 20. b4 cxb4 21. axb4
Ne7 22. Bb2 e5 23. Qd2 b6 24. Rfc1 Bb7 25. Bxb7 Qxb7 26. d4 Nc6 27. e3 Re8 28.
b5 axb5 29. cxb5 Nd8 30. dxe5 dxe5 31. Rc2 Ne6 32. Rc6 Nc5 33. Rd1 h5 34. Qc2
Ne4 35. Rc7 Qa8 36. Rdd7 Ng5 37. Rxg7+ Kh6 38. Qc6 Qxc6 39. bxc6 Re6 1-0

[Event "II Festival Lunigiana B"]
[Site "Pontremoli ITA"]
[Date "1998.07.07"]
[Round "3"]
[White "Desideri, Fabio"]
[Black "Cappellari, Mario"]
[Result "1/2-1/2"]
[WhiteElo "1600"]
[BlackElo "1633"]
[PlyCount "62"]
[EventDate "1998.07.05"]

1. e4 Nf6 2. e5 Nd5 3. d4 d6 4. c4 Nb6 5. Bd3 g6 6. Ne2 Bg7 7. f4 dxe5 8. fxe5
Bg4 9. Be3 O-O 10. O-O Nc6 11. Nbc3 Nb4 12. e6 Bxe6 13. d5 Nxd3 14. Qxd3 c6 15.
Rad1 cxd5 16. cxd5 Bf5 17. Rxf5 gxf5 18. Bd4 e5 19. Bc5 e4 20. Qg3 Re8 21. Bd4
f6 22. Nf4 Kf7 23. Qh3 Kg8 24. Qxf5 Qd7 25. Ne6 Nxd5 26. Nxg7 Qxf5 27. Nxf5
Nxc3 28. Bxc3 e3 29. Re1 Rad8 30. Rxe3 Rxe3 31. Nxe3 Kf7 1/2-1/2

[Event "II Festival Lunigiana B"]
[Site "Pontremoli ITA"]
[Date "1998.07.07"]
[Round "3"]
[White "Galeazzi, Giacomo"]
[Black "Tesoro, Davide"]
[Result "1/2-1/2"]
[WhiteElo "1537"]
[BlackElo "1573"]
[PlyCount "99"]
[EventDate "1998.07.05"]

1. Nf3 f5 2. g3 Nf6 3. Bg2 e6 4. d4 d5 5. O-O Be7 6. c4 c6 7. b3 O-O 8. Qc2 Ne4
9. e3 Nd7 10. Ne5 Nxe5 11. dxe5 Bd7 12. f4 Be8 13. Bb2 Bh5 14. Bf3 Bf7 15. Rd1
Nc5 16. Nc3 Qc7 17. cxd5 cxd5 18. Rac1 Qb6 19. Qe2 Rfc8 20. Ba3 Qd8 21. Bb2 Nd7
22. Nb5 Rxc1 23. Rxc1 Nb6 24. Nd4 a6 25. Kf2 g5 26. Qd1 g4 27. Bg2 h5 28. Qd2
Nd7 29. h4 Nc5 30. Qd1 Rc8 31. a3 Kf8 32. b4 Ne4+ 33. Bxe4 dxe4 34. Rxc8 Qxc8
35. Qb3 Qd7 36. Qc4 Ke8 37. a4 b5 38. axb5 axb5 39. Qxb5 Qxb5 40. Nxb5 Bxb4 41.
Bd4 Kd7 42. Nc3 Kc6 43. Na2 Bc5 44. Bxc5 Kxc5 45. Nc3 Be8 46. Ne2 Kc4 47. Ke1
Kd3 48. Kf2 Bd7 49. Nd4 Kd2 50. Ne2 1/2-1/2

[Event "II Festival Lunigiana B"]
[Site "Pontremoli ITA"]
[Date "1998.07.08"]
[Round "4"]
[White "Binelli, Lorenzo"]
[Black "Federici, Maurizio"]
[Result "1-0"]
[WhiteElo "1545"]
[BlackElo "1597"]
[PlyCount "49"]
[EventDate "1998.07.05"]

1. e4 c6 2. d4 d5 3. e5 Bf5 4. Bd3 Bxd3 5. Qxd3 e6 6. Nf3 c5 7. c3 Nc6 8. O-O
Qb6 9. a3 cxd4 10. cxd4 Nge7 11. b4 Nf5 12. Be3 Be7 13. Nc3 O-O 14. Nxd5 exd5
15. Qxf5 a5 16. bxa5 Rxa5 17. Qg4 Rfa8 18. Nh4 Rxa3 19. Rxa3 Rxa3 20. Nf5 Bf8
21. Nh6+ Kh8 22. Nxf7+ Kg8 23. Qe6 h6 24. Nxh6+ Kh7 25. Qf5+ 1-0

[Event "II Festival Lunigiana B"]
[Site "Pontremoli ITA"]
[Date "1998.07.08"]
[Round "4"]
[White "Galeazzi, Giacomo"]
[Black "Bertolini, Marcello"]
[Result "0-1"]
[WhiteElo "1537"]
[BlackElo "1573"]
[PlyCount "122"]
[EventDate "1998.07.05"]

1. Nf3 Nf6 2. g3 g6 3. Bg2 Bg7 4. O-O O-O 5. d3 d5 6. Nbd2 c5 7. e4 e6 8. Re1
Nc6 9. c3 Re8 10. Re2 Qc7 11. Qe1 d4 12. e5 Nd5 13. Nc4 Rf8 14. Bd2 b5 15. Nd6
Ba6 16. cxd4 cxd4 17. Rc1 Qd7 18. Ne4 Bc8 19. Nc5 Qd8 20. Re4 Nde7 21. Nxd4
Nxd4 22. Rxd4 Qxd4 23. Bxa8 Qxe5 24. Qxe5 Bxe5 25. Bc3 Bxc3 26. Rxc3 Nf5 27.
Nb3 Bd7 28. Rc7 Rxa8 29. Rxd7 Kf8 30. Kf1 Ne7 31. Ke2 Nd5 32. Nc5 a5 33. Kd2
Rc8 34. Nb7 Nf6 35. Rd8+ Rxd8 36. Nxd8 Ng4 37. f3 Ne5 38. Ke3 Ke7 39. Nb7 Nc6
40. Nc5 h5 41. h4 e5 42. f4 Kf6 43. Ke4 exf4 44. gxf4 Ne7 45. Nd7+ Ke6 46. Ne5
Nf5 47. Nf3 f6 48. d4 Ng3+ 49. Kd3 Kd5 50. Nd2 Nf5 51. Nf3 Nd6 52. b3 a4 53.
bxa4 bxa4 54. Nd2 Nf5 55. Nf3 a3 56. Kc3 Ke4 57. Nd2+ Kxf4 58. Nc4 g5 59. d5 g4
60. d6 Nxd6 61. Nxd6 g3 0-1

[Event "II Festival Lunigiana B"]
[Site "Pontremoli ITA"]
[Date "1998.07.08"]
[Round "4"]
[White "Tamburini, Lorenzo"]
[Black "Colosimo, Alessandro"]
[Result "1/2-1/2"]
[WhiteElo "1630"]
[BlackElo "1642"]
[PlyCount "70"]
[EventDate "1998.07.05"]

1. e4 c6 2. d4 d5 3. e5 Bf5 4. Nf3 e6 5. Be2 c5 6. Be3 cxd4 7. Nxd4 Ne7 8. c4
dxc4 9. O-O Nbc6 10. Qa4 Qa5 11. Qxa5 Nxa5 12. Na3 Bd3 13. Nab5 Nd5 14. Bxd3
cxd3 15. Bd2 Nc4 16. Nf3 a6 17. Nbd4 Nxd2 18. Nxd2 Bb4 19. Rfd1 Nf4 20. Kf1 Rd8
21. N2b3 Ng6 22. a3 Be7 23. Re1 d2 24. Re4 O-O 25. g3 Rd5 26. f4 Rfd8 27. Rd1
a5 28. a4 Bb4 29. Ke2 Ne7 30. Nc2 Nc6 31. Nxb4 Nxb4 32. Rxd2 Rxd2+ 33. Nxd2 Nd3
34. Nc4 Nc5 35. Re3 Rd4 1/2-1/2

[Event "II Festival Lunigiana B"]
[Site "Pontremoli ITA"]
[Date "1998.07.09"]
[Round "5"]
[White "Bertolini, Marcello"]
[Black "Soravia, Giuseppe"]
[Result "1-0"]
[WhiteElo "1573"]
[BlackElo "1528"]
[PlyCount "45"]
[EventDate "1998.07.05"]

1. d4 Nf6 2. c4 e6 3. Nc3 Bb4 4. e3 Bxc3+ 5. bxc3 d5 6. cxd5 exd5 7. Ba3 Be6 8.
Bd3 Nc6 9. Nf3 Nd7 10. O-O Qf6 11. Qc2 Ne7 12. Rab1 Rb8 13. c4 Nb6 14. cxd5 Bg4
15. Ne5 h5 16. Qxc7 Rc8 17. Qxb7 Nbxd5 18. Bb5+ Kd8 19. Nxg4 Qe6 20. Ne5 Nc7
21. Rbc1 Nxb5 22. Bxe7+ Qxe7 23. Rxc8# 1-0

[Event "II Festival Lunigiana B"]
[Site "Pontremoli ITA"]
[Date "1998.07.09"]
[Round "5"]
[White "Colosimo, Alessandro"]
[Black "Rotelli, Pietro"]
[Result "1-0"]
[WhiteElo "1642"]
[BlackElo "1674"]
[PlyCount "71"]
[EventDate "1998.07.05"]

1. c4 c6 2. Nf3 d5 3. cxd5 cxd5 4. Nc3 Nf6 5. e3 a6 6. a3 Nc6 7. Be2 g6 8. d4
Bg7 9. O-O O-O 10. h3 Re8 11. Bd3 e5 12. dxe5 Nxe5 13. Nxe5 Rxe5 14. Ne2 Bd7
15. Bd2 Ne4 16. Bxe4 dxe4 17. Bc3 Re7 18. Bxg7 Kxg7 19. Qd4+ f6 20. Nc3 Bc6 21.
Qb4 f5 22. Rfd1 Qe8 23. Rd6 Rd7 24. Qd4+ Kh6 25. Rd1 Rad8 26. Qf6 Rxd6 27. Rxd6
Rxd6 28. Qxd6 Qd7 29. Qf8+ Kh5 30. Qf6 Kh6 31. g3 a5 32. Kg2 a4 33. Ne2 Qc8 34.
Nf4 Bd7 35. h4 Qe8 36. Nh5 1-0

[Event "II Festival Lunigiana B"]
[Site "Pontremoli ITA"]
[Date "1998.07.09"]
[Round "5"]
[White "Desideri, Fabio"]
[Black "Binelli, Lorenzo"]
[Result "1/2-1/2"]
[WhiteElo "1600"]
[BlackElo "1545"]
[PlyCount "48"]
[EventDate "1998.07.05"]

1. e4 c5 2. Nf3 d6 3. c4 g6 4. d4 cxd4 5. Nxd4 Bg7 6. Nc3 Nf6 7. Be2 O-O 8. O-O
Nc6 9. Nc2 a6 10. a4 Be6 11. Ne3 Rc8 12. Ned5 Bxd5 13. cxd5 Na5 14. Be3 Nc4 15.
Bxc4 Rxc4 16. f3 Nd7 17. Qe2 Qc8 18. Rfc1 Rb4 19. Nd1 Qd8 20. Rc4 Rxc4 21. Qxc4
Ne5 22. Qc2 Qa5 23. Bd2 Qb6+ 24. Be3 Qa5 1/2-1/2

[Event "II Festival Lunigiana B"]
[Site "Pontremoli ITA"]
[Date "1998.07.10"]
[Round "6"]
[White "Bertolini, Marcello"]
[Black "Colosimo, Alessandro"]
[Result "0-1"]
[WhiteElo "1573"]
[BlackElo "1642"]
[PlyCount "130"]
[EventDate "1998.07.05"]

1. d4 f5 2. c4 Nf6 3. Nc3 g6 4. Nf3 Bg7 5. g3 O-O 6. Bg2 c6 7. O-O Na6 8. Bf4
d6 9. Re1 Nh5 10. Qd2 Nxf4 11. Qxf4 Nc7 12. Ng5 Ne6 13. Nxe6 Bxe6 14. d5 Be5
15. Qd2 Bd7 16. f4 Bg7 17. Rad1 Qb6+ 18. Kh1 Rad8 19. e4 e5 20. dxe6 Bxe6 21.
exf5 Bxf5 22. b3 Kh8 23. Qc1 Bg4 24. Rd3 Qb4 25. Bf3 Bf5 26. Rde3 Bd4 27. g4
Bxe3 28. Qxe3 Bc8 29. Nb1 Rfe8 30. Qxe8+ Rxe8 31. Rxe8+ Kg7 32. Kg2 Bxg4 33.
Bxg4 d5 34. cxd5 cxd5 35. Bf3 Qxf4 36. Nc3 d4 37. Re7+ Kh6 38. Nd5 Qg5+ 39. Kf2
d3 40. Re3 Qh4+ 41. Kg2 Qd4 42. Re7 d2 43. Ne3 Kg5 44. Ng4 d1=Q 45. Bxd1 Qxd1
46. Nf2 Qd5+ 47. Re4 h5 48. Kf3 b5 49. Ke3 Qc5+ 50. Kf3 Qc3+ 51. Re3 Qf6+ 52.
Kg2 Qb2 53. Kg3 Kh6 54. Nh3 Qd4 55. Rf3 g5 56. Nf2 Qa1 57. Rd3 Qe5+ 58. Kg2 Kg6
59. Rd7 a5 60. Rd8 g4 61. Rg8+ Kf7 62. Rc8 b4 63. Rc4 Kg6 64. h3 Qd5+ 65. Kg3
Qf3+ 0-1

[Event "II Festival Lunigiana B"]
[Site "Pontremoli ITA"]
[Date "1998.07.10"]
[Round "6"]
[White "Binelli, Lorenzo"]
[Black "Tamburini, Lorenzo"]
[Result "1/2-1/2"]
[WhiteElo "1545"]
[BlackElo "1630"]
[PlyCount "53"]
[EventDate "1998.07.05"]

1. e4 e5 2. Nf3 Nf6 3. Nxe5 d6 4. Nf3 Nxe4 5. d4 d5 6. Bd3 Nc6 7. O-O Bg4 8.
Be3 Be7 9. Be2 O-O 10. Nbd2 Bd6 11. c4 Nf6 12. c5 Be7 13. h3 Bf5 14. Qb3 Rb8
15. Qc3 a5 16. a3 b6 17. b4 bxc5 18. bxc5 Ne4 19. Nxe4 Bxe4 20. Nd2 Bg6 21. Bd3
Bxd3 22. Qxd3 Bf6 23. Rab1 Qd7 24. Nf3 g6 25. Bd2 Qe7 26. Rxb8 Rxb8 27. Bf4
1/2-1/2

[Event "II Festival Lunigiana B"]
[Site "Pontremoli ITA"]
[Date "1998.07.10"]
[Round "6"]
[White "Ricci, Massimo"]
[Black "Desideri, Fabio"]
[Result "0-1"]
[WhiteElo "1591"]
[BlackElo "1600"]
[PlyCount "66"]
[EventDate "1998.07.05"]

1. d4 d5 2. c4 e6 3. Nc3 c5 4. cxd5 exd5 5. Nf3 Nc6 6. e3 c4 7. Be2 Bf5 8. a3
Na5 9. Nd2 Nf6 10. b3 cxb3 11. Bb5+ Bd7 12. Nxb3 Bxb5 13. Nxb5 Qb6 14. Nc3 Qxb3
15. Qd3 Qc4 16. Qd2 Nb3 17. Qb2 Nxa1 18. Qxa1 Rc8 19. Bd2 Be7 20. Qb2 O-O 21.
f3 Rc6 22. Qxb7 Bxa3 23. Kf2 Bb4 24. Rc1 Qa6 25. Qxb4 Rfc8 26. Rc2 h6 27. Ra2
Qd3 28. Ra3 Qxd2+ 29. Kg3 Rxc3 30. Rxa7 Qxe3 31. Qb7 Qg5+ 32. Kh3 Qh5+ 33. Kg3
Ne4+ 0-1

[Event "II Festival Lunigiana B"]
[Site "Pontremoli ITA"]
[Date "1998.07.11"]
[Round "7"]
[White "Desideri, Fabio"]
[Black "Colosimo, Alessandro"]
[Result "1/2-1/2"]
[WhiteElo "1600"]
[BlackElo "1642"]
[PlyCount "97"]
[EventDate "1998.07.05"]

1. e4 c6 2. d4 d5 3. e5 Bf5 4. h4 h6 5. g4 Be4 6. f3 Bg6 7. h5 Bh7 8. e6 fxe6
9. Bd3 Bxd3 10. Qxd3 Qc7 11. Qg6+ Kd7 12. Ne2 e5 13. Qf5+ Ke8 14. dxe5 e6 15.
Qxe6+ Ne7 16. Ng3 Nd7 17. Nf5 Qxe5+ 18. Qxe5 Nxe5 19. Nd6+ Kd7 20. Nxb7 Nxf3+
21. Kd1 Nc8 22. Na5 Bd6 23. Rf1 Ne5 24. Bd2 Nb6 25. Bc3 Rhf8 26. Re1 Rae8 27.
Nb7 Nxg4 28. Nxd6 Nf2+ 29. Kc1 Kxd6 30. Rxe8 Rxe8 31. b3 Rg8 32. Bd4 Ne4 33.
Nd2 Ng3 34. Nf3 Nxh5 35. a4 g5 36. a5 Nc8 37. Kb2 Ng7 38. Re1 Ne6 39. Be5+ Kd7
40. Rh1 g4 41. Nd4 Nxd4 42. Bxd4 g3 43. Rxh6 g2 44. Bg1 a6 45. Kc3 Rg7 46. Kd4
Kc7 47. Kc5 Ne7 48. Rh8 Nc8 49. Rh6 1/2-1/2

[Event "II Festival Lunigiana B"]
[Site "Pontremoli ITA"]
[Date "1998.07.11"]
[Round "7"]
[White "Galeazzi, Giacomo"]
[Black "Ricci, Massimo"]
[Result "1-0"]
[WhiteElo "1537"]
[BlackElo "1591"]
[PlyCount "47"]
[EventDate "1998.07.05"]

1. e4 e6 2. d3 d5 3. Nd2 c5 4. Ngf3 Nc6 5. g3 Qc7 6. Bg2 d4 7. O-O e5 8. a4 Bg4
9. Nc4 Be7 10. Bd2 Nf6 11. h3 Bh5 12. g4 Bg6 13. Nfxe5 Nxe5 14. Nxe5 Qxe5 15.
f4 Qc7 16. f5 h5 17. Bf4 Bd6 18. e5 Bxe5 19. Bxe5 Qd7 20. Bxf6 hxg4 21. Qxg4
Bh5 22. Rae1+ Qe6 23. Rxe6+ fxe6 24. Qxg7 1-0

[Event "II Festival Lunigiana B"]
[Site "Pontremoli ITA"]
[Date "1998.07.12"]
[Round "8"]
[White "Bertolini, Marcello"]
[Black "Tamburini, Lorenzo"]
[Result "1/2-1/2"]
[WhiteElo "1573"]
[BlackElo "1630"]
[PlyCount "50"]
[EventDate "1998.07.05"]

1. d4 Nf6 2. c4 e6 3. Nc3 Bb4 4. Qc2 O-O 5. Nf3 b6 6. e3 Bb7 7. Be2 d5 8. O-O
a6 9. cxd5 exd5 10. Ne5 Nbd7 11. f4 Nxe5 12. fxe5 Ne4 13. Bd3 Bxc3 14. Bxe4
dxe4 15. bxc3 c5 16. Ba3 Re8 17. Rab1 c4 18. Bc5 b5 19. Rf5 Bd5 20. Qf2 Rc8 21.
Bd6 Qd7 22. Rf1 Rc6 23. Qf4 a5 24. a3 Rb6 25. Bc5 Rg6 1/2-1/2

[Event "II Festival Lunigiana B"]
[Site "Pontremoli ITA"]
[Date "1998.07.12"]
[Round "8"]
[White "Binelli, Lorenzo"]
[Black "Onesti, Luca"]
[Result "1/2-1/2"]
[WhiteElo "1545"]
[BlackElo "1624"]
[PlyCount "31"]
[EventDate "1998.07.05"]

1. e4 e5 2. Nf3 Nc6 3. Bb5 a6 4. Ba4 Nf6 5. O-O b5 6. Bb3 Be7 7. Re1 d6 8. c3
Bg4 9. Qe2 Qd7 10. d3 Na5 11. Bc2 c5 12. Nbd2 Nc6 13. Nf1 Bxf3 14. Qxf3 Qg4 15.
Qxg4 Nxg4 16. h3 1/2-1/2

[Event "II Festival Lunigiana B"]
[Site "Pontremoli ITA"]
[Date "1998.07.12"]
[Round "8"]
[White "Rotelli, Pietro"]
[Black "Desideri, Fabio"]
[Result "0-1"]
[WhiteElo "1674"]
[BlackElo "1600"]
[PlyCount "64"]
[EventDate "1998.07.05"]

1. d4 d5 2. Nf3 e6 3. c4 c5 4. e3 Nc6 5. Nc3 Nf6 6. a3 a6 7. dxc5 Bxc5 8. b4
Be7 9. Bb2 O-O 10. Be2 dxc4 11. Qxd8 Rxd8 12. Bxc4 b5 13. Bb3 Bb7 14. O-O h6
15. Ne2 Ne4 16. Rad1 Bf6 17. Nfd4 Nxd4 18. Nxd4 Rac8 19. f3 Nc3 20. Rd3 Ne2+
21. Kf2 Nxd4 22. exd4 Bd5 23. Bxd5 Rc2+ 24. Kg3 Rxd5 25. Ba1 Rg5+ 26. Kf4 Rgxg2
27. d5 g5+ 28. Ke4 Rge2+ 29. Re3 exd5+ 30. Kxd5 Red2+ 31. Ke4 Rc4+ 32. Kf5 Rf4#
0-1

[Event "C.to Provinciale CO"]
[Site "Como ITA"]
[Date "1998.??.??"]
[Round "1"]
[White "Curioni, Franco"]
[Black "Bevilacqua, Roberto"]
[Result "0-1"]
[WhiteElo "1504"]
[BlackElo "2018"]
[PlyCount "48"]
[EventDate "1998.??.??"]

1. Nf3 f5 2. d4 Nf6 3. c4 e6 4. Nc3 d5 5. Ne5 c6 6. c5 Nbd7 7. Nd3 Be7 8. Nf4
Nf8 9. e3 Qc7 10. Nd3 N8d7 11. Nf4 Nf8 12. Nd3 Ng6 13. Bd2 e5 14. Qe2 O-O 15.
O-O-O b6 16. dxe5 Nxe5 17. Nxe5 Qxe5 18. f4 Qc7 19. cxb6 axb6 20. h3 Be6 21.
Qd3 Ne4 22. Nxe4 dxe4 23. Qc2 Rxa2 24. Qb1 Qa7 0-1

[Event "C.to Provinciale CO"]
[Site "Como ITA"]
[Date "1998.??.??"]
[Round "1"]
[White "Perissinotto, Claudio"]
[Black "Boncinelli, Lodovico"]
[Result "1-0"]
[WhiteElo "2020"]
[BlackElo "1561"]
[PlyCount "41"]
[EventDate "1998.??.??"]

1. e4 e6 2. d4 d5 3. Nc3 dxe4 4. Nxe4 Bd7 5. Nf3 Bc6 6. Bd3 Bxe4 7. Bxe4 c6 8.
O-O Nf6 9. Bd3 Nbd7 10. Qe2 Be7 11. Ne5 O-O 12. c3 Rc8 13. Bg5 Qe8 14. f4 h6
15. Bh4 Nd5 16. Bg3 Bd6 17. f5 Bxe5 18. dxe5 Nc7 19. f6 g6 20. Bf4 Kh7 21. Qh5
1-0

[Event "C.to Provinciale CO"]
[Site "Como ITA"]
[Date "1998.??.??"]
[Round "1"]
[White "Pozzi, Marco"]
[Black "Buonocore, Elio"]
[Result "0-1"]
[WhiteElo "1570"]
[BlackElo "2121"]
[PlyCount "84"]
[EventDate "1998.??.??"]

1. c4 f5 2. Nf3 Nf6 3. Nc3 g6 4. d4 Bg7 5. b3 O-O 6. Bb2 d6 7. g3 Qe8 8. Bg2
Na6 9. O-O h6 10. h4 Nh5 11. e3 e5 12. dxe5 dxe5 13. Na4 Nb4 14. a3 Nc6 15. b4
e4 16. Nd4 Ne5 17. Nb5 Rf7 18. Bxe5 Bxe5 19. Ra2 Be6 20. Qc2 b6 21. Rd1 g5 22.
Qe2 Rh7 23. g4 Nf6 24. f4 exf3 25. Bxf3 Nxg4 26. Rad2 Rb8 27. Nac3 Qf7 28. Nd5
c6 29. Bxg4 fxg4 30. Rf1 Qg6 31. h5 Qg7 32. Nd4 Bd7 33. Nc3 c5 34. Nf5 Bxf5 35.
Nd5 Be6 36. e4 Rf8 37. Rdd1 Bxd5 38. exd5 Bd4+ 39. Kg2 Qe7 40. Qxg4 Rhf7 41.
Rde1 Rf2+ 42. Kg3 Qd6+ 0-1

[Event "C.to Provinciale CO"]
[Site "Como ITA"]
[Date "1998.??.??"]
[Round "2"]
[White "Bevilacqua, Roberto"]
[Black "Gisolini, Michele"]
[Result "1-0"]
[WhiteElo "2018"]
[BlackElo "1600"]
[PlyCount "41"]
[EventDate "1998.??.??"]

1. e4 e5 2. d4 exd4 3. c3 dxc3 4. Bc4 Qf6 5. Nxc3 Bc5 6. Nf3 Ne7 7. O-O O-O 8.
Nb5 Qb6 9. a4 a5 10. Ng5 Ra6 11. Nc3 Qg6 12. Bxa6 Nxa6 13. Kh1 d6 14. f4 f5 15.
Nd5 Nxd5 16. exd5 Nb4 17. Ra3 b6 18. Rg3 Qh6 19. Rh3 Qg6 20. Rxh7 Bb7 21. Qf3
1-0

[Event "C.to Provinciale CO"]
[Site "Como ITA"]
[Date "1998.??.??"]
[Round "2"]
[White "Buonocore, Elio"]
[Black "Corti, Corrado"]
[Result "1-0"]
[WhiteElo "2121"]
[BlackElo "1660"]
[PlyCount "41"]
[EventDate "1998.??.??"]

1. e4 e5 2. Nf3 Nc6 3. d4 exd4 4. Nxd4 g6 5. Be3 Bg7 6. Nc3 Nge7 7. Qd2 O-O 8.
O-O-O d6 9. h4 Nxd4 10. Bxd4 Bxd4 11. Qxd4 Nc6 12. Qd2 Be6 13. h5 Qf6 14. f4
Ne7 15. Be2 Qg7 16. g4 f6 17. f5 Bf7 18. hxg6 hxg6 19. Rh6 gxf5 20. exf5 Qg5
21. Rdh1 1-0

[Event "C.to Provinciale CO"]
[Site "Como ITA"]
[Date "1998.??.??"]
[Round "2"]
[White "Grassetto, Gilberto"]
[Black "Bonetti, Marco"]
[Result "1-0"]
[WhiteElo "1591"]
[BlackElo "1881"]
[PlyCount "73"]
[EventDate "1998.??.??"]

1. Nc3 Nf6 2. Nf3 d5 3. d4 Nbd7 4. Bd2 c5 5. e3 e6 6. b3 Ne4 7. Bd3 Nxd2 8.
Qxd2 cxd4 9. Nxd4 Bb4 10. a3 Be7 11. O-O O-O 12. Rfe1 Ne5 13. Be2 Bd7 14. e4
dxe4 15. Nxe4 f5 16. Ng3 Bc5 17. b4 Bb6 18. c4 Qh4 19. c5 Bc7 20. Nf3 Nxf3+ 21.
Bxf3 Rad8 22. Qc3 Bc8 23. a4 e5 24. Be2 Rd4 25. b5 Rf6 26. a5 Rh6 27. Nf1 Qd8
28. b6 Bb8 29. Rad1 axb6 30. axb6 Rg6 31. Rxd4 exd4 32. Qb3+ Kh8 33. Bh5 Bd7
34. Bxg6 hxg6 35. Qf7 Bc6 36. Qxg6 d3 37. Qxf5 1-0

[Event "C.to Provinciale CO"]
[Site "Como ITA"]
[Date "1998.??.??"]
[Round "2"]
[White "Laricini, Alberto"]
[Black "Perissinotto, Claudio"]
[Result "0-1"]
[WhiteElo "1627"]
[BlackElo "2020"]
[PlyCount "58"]
[EventDate "1998.??.??"]

1. d4 d5 2. Nf3 Nf6 3. c4 e6 4. Nc3 Be7 5. Bg5 h6 6. Bh4 O-O 7. e3 b6 8. cxd5
Nxd5 9. Bxe7 Qxe7 10. Rc1 Bb7 11. Be2 Rc8 12. O-O c5 13. dxc5 Rxc5 14. Qb3 Nd7
15. Na4 Rcc8 16. Nd4 Qg5 17. Nf3 Qg6 18. Rfd1 N7f6 19. Nc5 Bc6 20. Ne5 Qf5 21.
Nxc6 bxc5 22. Qb7 Ne4 23. Bf3 Kf8 24. Bxe4 Qxe4 25. Nxa7 Rcb8 26. Qd7 Rxb2 27.
Qd6+ Kg8 28. Qxc5 Nxe3 29. Re1 Qxg2# 0-1